| 000 | 02227cad a22003015a 4500 | ||
|---|---|---|---|
| 001 | L158646 | ||
| 008 | 140115s2012 xxk f 000 0 eng d | ||
| 035 | _a(Sirsi) u158646 | ||
| 041 | 0 | _aeng | |
| 110 | 2 |
_aMcKinsey Global Institute _93687 |
|
| 245 | 0 | 0 |
_aUrban world _bCities and the rise of the consuming class _h[electronic resource] |
| 260 |
_aLondon _bMcKinsey & Company _c2012 |
||
| 505 | _aExecutive summary -- The global economic balance is shifting to emerging cities -- Expanding urban economies are creating waves of new consumers -- Growing emerging market cities will require investment, capital, and resources -- The science - and art - of business strategy in emerging cities -- The policy agenda differs in emerging and developed regions -- Appendinx: Technical notes -- Bibliography | ||
| 520 | _aFocuses on the economic power of cities, the huge expansion of urban consuming classes, and the implication of the consumer demand for the construction of new residential and commercial buildings, port capacity to meet rising volumes of container shipping as demand fuels trade in goods, and municipal water. In this research, McKinsey Global Institute expanded and updated the MGI Cityscope database of cities. This allows them to offer insights into the evolution of the urban world and its demographics, household structure and incomes. Cityscope 2.0 includes 253 more cities, to bring the total covered to 2,657, and incorporates the latest economic and demographic data, including data available from China's 2010 and India's 2011 census. They have also added estimates of new metrics against which to view cities' contribution to activity and growth in different sectors. | ||
| 590 | _aKA | ||
| 650 | 2 | 4 | _aGLOBAL ECONOMY |
| 650 | 2 | 4 | _aURBANISATION |
| 651 | 4 | _aInternational | |
| 690 |
_aPlanning and development _96259 |
||
| 700 | 1 | _aDobbs, Richard | |
| 700 | 1 | _aRemes, Jaana | |
| 700 | 1 | _aManyika, James | |
| 700 | 1 | _aRoxburgh, Charles | |
| 700 | 1 | _aSmit, Sven | |
| 700 | 1 | _aSchaer, Fabian | |
| 856 | 4 | 0 |
_uhttps://www.mckinsey.com/insights/urbanization/urban_world_cities_and_the_rise_of_the_consuming_class _zView the item free of charge from the www.mckinsey.com website |
| 942 | _n0 | ||
| 999 |
_c115433 _d115433 |
||